000 00361nam a2200169Ia 4500
100 _aClocksin/William F/ Mellish/Christopher S
650 _aprolog
250 _a5
942 _cBK
366 _f25
245 _aProgramming in Prolog
260 _bSpringer
_c2003
082 _a5.133
_bCLO
300 _a299
546 _aENGLISH
_cComputers
999 _c24037
_d24037